000 00509nmm a2200169Ia 4500
008 251105s9999||||xx |||||||||||||||||und||
020 _a9789560006035
041 _aspa
100 _aNúñez Atencio, Lautaro
245 0 _aAvísale, Freddy : Historia de un hombre y sus razones 1943-1973
264 _a[Santiago de Chile, Chile] :
_bLOM Ediciones,
_c2015
300 _a120 páginas
490 _aMemoria
650 _aBiography
856 _uhttps://public.digitaliapublishing.com/a/41651
942 _cCF
999 _c93515
_d93515